CAD/CAM: (Record no. 37643)

MARC details
000 -LEADER
fixed length control field 00783nam a22002297a 4500
005 - DATE AND TIME OF LATEST TRANSACTION
control field 2010072605285.0
010 ## - LCCN (DPL NO)
LC control number ENG-96843
020 ## - INTERNATIONAL STANDARD BOOK NUMBER
International Standard Book Number 9780070681934
Terms of availability 375.00
020 ## - INTERNATIONAL STANDARD BOOK NUMBER
International Standard Book Number 0070681937
Terms of availability 375.00
035 ## - SYSTEM CONTROL NUMBER
System control number EN-80376
037 ## - SOURCE OF ACQUISITION
Source of stock number/acquisition DBAD/PUB
082 ## - DEWEY DECIMAL CLASSIFICATION NUMBER
Classification number 670.285
100 ## - MAIN ENTRY--PERSONAL NAME
Personal name Rao, P N
245 ## - TITLE STATEMENT
Title CAD/CAM:
Remainder of title principles and applications /
Statement of responsibility, etc by P N Rao
250 ## - EDITION STATEMENT
Edition statement 3rd ed
260 ## - PUBLICATION, DISTRIBUTION, ETC. (IMPRINT)
Place of publication, distribution, etc New Delhi
Name of publisher, distributor, etc Tata McGraw Hill Education
Date of publication, distribution, etc 2010
270 ## - ADDRESS
Address 7 West Patel Nagar, New Delhi-110008
City New Delhi
300 ## - PHYSICAL DESCRIPTION
Extent xx, 768p.:
Dimensions 24cm (pbk)
Other physical details ill.
500 ## - GENERAL NOTE
General note Includes index
942 ## - ADDED ENTRY ELEMENTS (KOHA)
Source of classification or shelving scheme Dewey Decimal Classification
Item type English Books
Classification part 670.285
Call number suffix RAO
Holdings
Withdrawn status Lost status Not for loan Collection code Home library Current library Date acquired Source of acquisition Cost, normal purchase price Full call number Barcode Copy number Cost, replacement price Koha item type
    Not For Loan Non-fiction D.B.Act.Division D.B.Act.Division 26/07/2010 DBAD/PUB 375.00 670.285 RAO EN-80376 1 375.00 English Books

© Delhi Public Library
Hit Counter
free hit counter